Global stakes: the future of high technology in America (Record no. 44708)

MARC details
000 -LEADER
fixed length control field 00894nam a2200229 a 4500
008 - FIXED-LENGTH DATA ELEMENTS--GENERAL INFORMATION
fixed length control field 120416s1982 ||||||||||||||||| || u
020 ## - INTERNATIONAL STANDARD BOOK NUMBER
International Standard Book Number 0884108864
050 ## - LIBRARY OF CONGRESS CALL NUMBER
Classification number T 23 Bot
100 ## - MAIN ENTRY--PERSONAL NAME
Personal name Dimancescu, Dan
245 10 - TITLE STATEMENT
Title Global stakes: the future of high technology in America
260 ## - PUBLICATION, DISTRIBUTION, ETC.
Place of publication, distribution, etc. Cambridge, Mass.:
Name of publisher, distributor, etc. Ballinger Publishing Co
Date of publication, distribution, etc. 1982
300 ## - PHYSICAL DESCRIPTION
Extent [vi], 237p. : ill.
350 ## - PRICE (NR) (BK AM CF MU VM SE) [OBSOLETE]
Price 0.00
500 ## - GENERAL NOTE
General note Includes bibliographical references and index.
650 ## - SUBJECT ADDED ENTRY--TOPICAL TERM
Topical term or geographic name entry element TECHNICAL EDUCATION--GOVERNMENT POLICY--UNITED STATES
650 ## - SUBJECT ADDED ENTRY--TOPICAL TERM
Topical term or geographic name entry element TECHNOLOGY AND STATE--UNITED STATES
650 ## - SUBJECT ADDED ENTRY--TOPICAL TERM
Topical term or geographic name entry element HIGH TECHNOLOGY--UNITED STATES
650 ## - SUBJECT ADDED ENTRY--TOPICAL TERM
Topical term or geographic name entry element UNITED STATES - ECONOMIC POLICY - 1981-1993
700 ## - ADDED ENTRY--PERSONAL NAME
Personal name Botkin, James W
700 ## - ADDED ENTRY--PERSONAL NAME
Personal name Stata, Ray
995 ## - RECOMMENDATION 995 [LOCAL, UNIMARC FRANCE]
-- 0.00
-- CBU-MAIN LIBRARY (Kitwe)
-- 1
-- 0.00
-- 1
-- AVAILABLE
-- Annex Low-Usage Collection
Holdings
Withdrawn status Lost status Source of classification or shelving scheme Damaged status Not for loan Home library Current library Shelving location Date acquired Total Checkouts Full call number Barcode Date last seen Price effective from Koha item type
          CBU-MAIN LIBRARY, KITWE. CBU-MAIN LIBRARY, KITWE.   11/30/2022   T 23 Bot 014278 11/30/2022 11/30/2022 MONOGRAPH